[Event "Let's Play Chess!"]
[Site "http://www.queenalice.com/game.php?id=1854978"]
[Date "2025.4.4"]
[Round "-"]
[White "Charles56"]
[Black "StarWarsJedi"]
[Result "0-1"]
[WhiteElo "1889"]
[BlackElo "1615"]

1. Nf3 d5 2. d4 Nf6 3. Bg5 Ne4 4. Bh4 c5 5. dxc5 Nc6 6. Nd4 g5 7. Bg3 Bg7 8. c3
h5 9. f3 Nxg3 10. hxg3 Qc7 11. Nxc6 bxc6 12. Kf2 h4 13. gxh4 Rxh4 14. Rxh4 gxh4
15. Ke1 Qg3+ 16. Kd2 Rb8 17. Qc2 Qf2 18. Na3 Bh6+ 0-1

[Event "Let's Play Chess!"]
[Site "http://www.queenalice.com/game.php?id=1854979"]
[Date "2025.4.4"]
[Round "-"]
[White "StarWarsJedi"]
[Black "Charles56"]
[Result "1-0"]
[WhiteElo "1585"]
[BlackElo "1889"]

1. d4 d5 2. c4 dxc4 3. Nf3 h6 4. e4 Bg4 5. Bxc4 e6 6. Be3 Nf6 7. Nc3 a6 8. h3
Bh5 9. O-O g5 10. g4 Bg6 11. Ne5 Nxe4 12. Nxg6 Nxc3 13. bxc3 fxg6 14. Qb1 b6 15.
Qxg6+ 1-0

[Event "Let's Play Chess!"]
[Site "http://www.queenalice.com/game.php?id=1854982"]
[Date "2025.4.4"]
[Round "-"]
[White "Charles56"]
[Black "StarWarsJedi"]
[Result "0-1"]
[WhiteElo "1865"]
[BlackElo "1642"]

1. e4 c5 2. Nc3 d6 3. d4 cxd4 4. Qxd4 Nc6 5. Bb5 Bd7 6. Qe3 Nf6 7. h3 e6 8. Nf3
a6 9. Ba4 Be7 10. e5 Nxe5 11. Nxe5 dxe5 12. Bxd7+ Nxd7 13. a3 O-O 14. f4 Rc8 15.
fxe5 Qc7 16. Bd2 Nxe5 17. O-O-O Nc4 18. Qe2 Qb6 19. Na4 Qb5 20. b3 Nxa3 21. Qxb5
Rxc2# 0-1

[Event "Let's Play Chess!"]
[Site "http://www.queenalice.com/game.php?id=1854983"]
[Date "2025.4.4"]
[Round "-"]
[White "StarWarsJedi"]
[Black "Charles56"]
[Result "1-0"]
[WhiteElo "1553"]
[BlackElo "1889"]

1. e4 e5 2. Nf3 d6 3. d4 exd4 4. Nxd4 Qd7 5. Nc3 a6 6. Be2 Nc6 7. O-O Nxd4 8.
Qxd4 h6 9. Nd5 Ne7 10. Re1 Nc6 11. Qc3 Ne7 12. Nxc7+ Kd8 13. Nxa8 Qc6 14. Qa5+
Kd7 15. Bg4+ Ke8 16. Nc7+ 1-0

[Event "Let's Play Chess!"]
[Site "http://www.queenalice.com/game.php?id=1855182"]
[Date "2025.4.9"]
[Round "-"]
[White "StarWarsJedi"]
[Black "Capixaba789"]
[Result "1-0"]
[WhiteElo "1725"]
[BlackElo "1859"]

1. e4 e5 2. Nf3 Nf6 3. Nxe5 Bc5 4. d4 Bb6 5. Nc3 O-O 6. Bg5 d6 7. Nc4 Re8 8.
Nxb6 axb6 9. Qf3 Nbd7 10. a3 h6 11. Be3 c6 12. Bd3 Nf8 13. O-O Ng6 14. Qe2 b5
15. f4 b6 16. e5 dxe5 17. dxe5 Nd5 18. Nxd5 Qxd5 19. Bxb6 Bb7 20. Rad1 1-0

[Event "AUTO-OPEN-4557"]
[Site "http://www.queenalice.com/game.php?id=1858922"]
[Date "2025.6.22"]
[Round "2"]
[White "StarWarsJedi"]
[Black "SGF"]
[Result "1-0"]
[WhiteElo "1884"]
[BlackElo "1898"]

1. e4 e5 2. Nf3 Qf6 3. Nc3 c6 4. d4 h6 5. dxe5 Qg6 6. Bf4 Bb4 7. Bd3 Qxg2 8. Rg1
Qh3 9. Rxg7 b5 10. Rg3 Qe6 11. Nd4 Qe7 12. Nf5 Qc5 13. Nd6+ Ke7 14. Bf1 Bxc3+
15. Rxc3 Qb4 16. Qh5 Kd8 17. O-O-O Rh7 18. e6 dxe6 19. Nxf7+ Ke8 20. Nxh6+ Ke7
21. Nxg8+ Kf8 22. Rd8+ Kg7 23. Be5# 1-0

[Event "AUTO-OPEN-4557"]
[Site "http://www.queenalice.com/game.php?id=1858923"]
[Date "2025.6.22"]
[Round "2"]
[White "SGF"]
[Black "StarWarsJedi"]
[Result "0-1"]
[WhiteElo "1866"]
[BlackElo "1901"]

1. e4 c5 2. Qf3 Nc6 3. c3 Nf6 4. d3 d5 5. Be2 e5 6. exd5 Nxd5 7. Qe4 f5 8. Qa4
Be7 9. Bh5+ g6 10. Bf3 Be6 11. h4 h6 12. h5 g5 13. Bxd5 Qxd5 14. Nf3 g4 15. Nh4
Bxh4 16. Rxh4 Qxg2 17. Nd2 g3 18. fxg3 Qxg3+ 19. Kd1 Qxd3 20. b3 Rg8 21. Rh1 Bd5
22. Ba3 Bxh1 23. Bxc5 Rg2 24. Kc1 Qxd2+ 25. Kb1 Qb2# 0-1

[Event "AUTO-OPEN-4557"]
[Site "http://www.queenalice.com/game.php?id=1858924"]
[Date "2025.6.22"]
[Round "2"]
[White "StarWarsJedi"]
[Black "CCapivara"]
[Result "1-0"]
[WhiteElo "1946"]
[BlackElo "2358"]

1. e4 d6 2. d4 Nf6 3. Nc3 c6 4. f4 Qa5 5. Bd3 e5 6. Nf3 Bg4 7. Be3 Nbd7 8. O-O
Bh5 9. Kh1 Ng4 10. Bd2 exd4 11. Nb5 Qd8 12. Nbxd4 Be7 13. h3 Ngf6 14. g4 Nxg4
15. hxg4 Bxg4 16. Nf5 Bxf5 17. exf5 O-O 18. Rg1 Nc5 19. Qf1 Bf6 20. Qh3 Nxd3 21.
cxd3 Re8 22. Rg2 Re7 23. Ng5 Bxg5 24. fxg5 Re5 25. Rh2 h6 26. Rg1 Kh7 27. g6+
fxg6 28. Qxh6+ gxh6 29. Rxh6+ Kg8 30. Rgxg6+ Kf8 31. Rh8+ Kf7 32. Rh7+ Kf8 33.
Bh6+ 1-0

[Event "AUTO-OPEN-4557"]
[Site "http://www.queenalice.com/game.php?id=1858925"]
[Date "2025.6.22"]
[Round "2"]
[White "CCapivara"]
[Black "StarWarsJedi"]
[Result "0-1"]
[WhiteElo "2320"]
[BlackElo "1916"]

1. e4 c5 2. Nf3 d6 3. d4 cxd4 4. Nxd4 Nf6 5. Nc3 a6 6. Bg5 e6 7. f4 Qb6 8. Nb3
Nbd7 9. Qf3 Be7 10. O-O-O Qc7 11. g4 h6 12. Bxf6 Bxf6 13. Nd4 g5 14. f5 Ne5 15.
Qh3 b5 16. Bxb5+ axb5 17. Ndxb5 Qc5 18. Nxd6+ Kf8 19. Nxc8 Rxc8 20. fxe6 fxe6
21. Rhf1 Kg7 22. Rd2 Rhf8 23. Rdf2 Ng6 24. Rf3 Nf4 25. Qg3 Ne2+ 0-1

[Event "AUTO-MASTER-3283"]
[Site "http://www.queenalice.com/game.php?id=1863663"]
[Date "2025.9.30"]
[Round "1"]
[White "Nolimet"]
[Black "StarWarsJedi"]
[Result "0-1"]
[WhiteElo "1986"]
[BlackElo "2172"]

1. e4 c5 2. d3 Nc6 3. g3 Nf6 4. Bg2 d5 5. Nd2 e5 6. exd5 Nxd5 7. Ne2 Bg4 8. h3
Be6 9. O-O Qd7 10. Ne4 Bxh3 11. Bxh3 Qxh3 12. Ng5 Qd7 13. Kg2 f6 14. Nh3 h5 15.
a3 h4 16. c4 Nb6 17. Nhg1 O-O-O 18. a4 hxg3 19. Nxg3 Nxc4 20. dxc4 Qxd1 0-1

[Event "Let's Play Chess!"]
[Site "http://www.queenalice.com/game.php?id=1864773"]
[Date "2025.10.27"]
[Round "-"]
[White "StarWarsJedi"]
[Black "SPIDERMAN99"]
[Result "1-0"]
[WhiteElo "1990"]
[BlackElo "2510"]

1. e4 c5 2. Nf3 d6 3. d4 cxd4 4. Nxd4 Nf6 5. Nc3 a6 6. Bg5 e6 7. f4 Qb6 8. Qd2
Qxb2 9. Rb1 Qa3 10. e5 h6 11. Bh4 dxe5 12. fxe5 g5 13. exf6 1-0

[Event "Let's Play Chess!"]
[Site "http://www.queenalice.com/game.php?id=1864850"]
[Date "2025.10.29"]
[Round "-"]
[White "StarWarsJedi"]
[Black "SPIDERMAN99"]
[Result "1/2-1/2"]
[WhiteElo "2020"]
[BlackElo "2498"]

1. e4 c5 2. Nf3 d6 3. d4 cxd4 4. Nxd4 Nf6 5. Nc3 a6 6. Be2 e5 7. Nb3 Be7 8. O-O
O-O 9. Kh1 Nc6 10. f3 a5 11. Bb5 Be6 12. Qe2 Na7 13. Bd3 Nc6 14. Bb5 Na7 15. Bd3
Nc6 16. Bb5 1/2-1/2